Eurobasket 2025 NBA players - Statistics

General Stats
  • This quiz has been taken 100 times
  • The average score is 11 of 27
Answer Stats
Hint Answer % Correct
Serbia Nikola Jokic
99%
Greece Giannis Antetokounmpo
74%
Slovenia Luka Doncic
74%
Serbia Bogdan Bogdanovic
73%
Finland Lauri Markkanen
70%
Germany Dennis Schroder
68%
Turkey Alperen Sengun
66%
Germany Franz Wagner
65%
Montenegro Nikola Vucevic
59%
Latvia Kristaps Porzingis
54%
Bosnia Jusuf Nurkic
52%
Lithuania Jonas Valanciunas
50%
Israel Deni Avdija
48%
Spain Santi Aldama
37%
France Zaccharie Risacher
30%
Serbia Nikola Jovic
27%
Italy Simone Fontecchio
22%
Georgia Goga Bitadze
20%
Greece Thanasis Antetokounmpo
20%
France Bilal Coulibaly
17%
Portugal Neemias Queta
17%
Turkey Adem Bona
16%
France Alexandre Sarr
12%
Serbia Tristan Vukcevic
12%
France Guershon Yabusele
10%
Czechia Vit Krejci
10%
Georgia Alexander Mamukelashvili
2%
No matching quizzes found
Score Distribution
Percent of People with Each Score
Percentile by Number Answered
Your Score History
You have not taken this quiz